[Event "Titled Tuesday intern op 07th May Late"]
[Site "Chess.com INT"]
[Date "2024.05.07"]
[Round "1"]
[White "Isik, Alparslan"]
[Black "Sajin, Mirko"]
[Result "1-0"]
[WhiteElo "2472"]
[BlackElo "2295"]
[PlyCount "55"]
[EventDate "2024.05.07"]
[EventType "swiss (blitz)"]
[EventRounds "11"]
[EventCountry "USA"]
[SourceTitle "EXT 2025"]
[Source "ChessBase"]
[SourceDate "2024.10.14"]
[SourceVersion "1"]
[SourceVersionDate "2024.10.14"]
[SourceQuality "1"]

1. e4 d6 2. d4 g6 3. Nf3 Bg7 4. Nc3 Nc6 5. h3 e5 6. d5 Nce7 7. Be2 f5 8. Ng5 h6 9. Ne6 Bxe6 10. dxe6 Qc8 11. exf5 Nxf5 12. Bc4 Nge7 13. Be3 c6 14. Ne4 d5 15. g4 dxc4 16. gxf5 Nxf5 17. Nc5 0-0 18. Qg4 Kh7 19. Qxc4 Re8 20. 0-0-0 b6 21. Nd7 b5 22. Qb3 a5 23. Nb6 Qb7 24. Rd7 Qa6 25. Nxa8 Rxa8 26. e7 Re8 27. Qf7 Qc8 28. Rhd1 1-0